[Event "Madrid-ch Seniors 65"]
[Site "Madrid"]
[Date "2017.01.26"]
[Round "5"]
[White "Garcia Peco, Antonio"]
[Black "Albo Benarroch, Angel"]
[Result "0-1"]
[WhiteElo "1488"]
[BlackElo "1784"]
[PlyCount "98"]
[EventDate "2017.01.20"]
[EventType "swiss"]
[EventRounds "7"]
[EventCountry "ESP"]
[SourceTitle "CBM 176 Extra"]
[Source "ChessBase"]
[SourceDate "2017.03.02"]
[SourceVersion "1"]
[SourceVersionDate "2017.03.02"]
[SourceQuality "1"]

1. e4 c5 2. Bc4 e6 3. Nf3 Nc6 4. a3 Be7 5. 0-0 d6 6. c3 Nf6 7. d3 0-0 8. Bg5 e5 9. h3 h6 10. Bh4 a6 11. Bb3 b5 12. Nbd2 Bb7 13. Qe2 Nh7 14. Bxe7 Qxe7 15. Nh2 Kh8 16. f4 f6 17. f5 Bc8 18. Qh5 Bd7 19. Ndf3 Rfd8 20. Qf7 Qxf7 21. Bxf7 Be8 22. Bd5 Rac8 23. g4 Rc7 24. Kf2 Bf7 25. Bxf7 Rxf7 26. Ke3 d5 27. exd5 Rxd5 28. Rad1 Rfd7 29. Rd2 Ng5 30. Nxg5 hxg5 31. Nf3 Kg8 32. Rfd1 Na5 33. b4 Nb3 34. Rb2 c4 35. d4 exd4+ 36. Rxd4 Nxd4 37. Nxd4 Re5+ 38. Kf3 Kf7 39. Re2 Rxe2 40. Kxe2 Re7+ 41. Kf3 Re1 42. Ne6 Ra1 43. Ke4 Rxa3 44. Kd4 Ra1 45. Nc5 Rd1+ 46. Ke4 Rd6 47. Nb7 Rd3 48. Nc5 Rxc3 49. Nxa6 Rxh3 0-1

[Event "Madrid-ch Seniors 65"]
[Site "Madrid"]
[Date "2017.01.24"]
[Round "3"]
[White "Ortega Morales, Pedro"]
[Black "Garcia Peco, Antonio"]
[Result "1-0"]
[WhiteElo "1748"]
[BlackElo "1488"]
[PlyCount "69"]
[EventDate "2017.01.20"]
[EventType "swiss"]
[EventRounds "7"]
[EventCountry "ESP"]
[SourceTitle "CBM 176 Extra"]
[Source "ChessBase"]
[SourceDate "2017.03.02"]
[SourceVersion "1"]
[SourceVersionDate "2017.03.02"]
[SourceQuality "1"]

1. d4 d5 2. Bf4 Bf5 3. e3 Nf6 4. Nf3 h6 5. h3 a6 6. Be2 e6 7. Nbd2 Bd6 8. Ne5 Nfd7 9. Nd3 Bxf4 10. Nxf4 c6 11. c4 dxc4 12. Nxc4 Qc7 13. Nh5 Nb6 14. Nxg7+ Ke7 15. Nxf5+ exf5 16. Ne5 N8d7 17. Nd3 Nd5 18. Rc1 Qa5+ 19. Qd2 Qxa2 20. 0-0 Qb3 21. Bf3 Rag8 22. Bxd5 Qxd5 23. Nf4 Qb5 24. b4 h5 25. d5 Ne5 26. Kh1 Nc4 27. Qd4 Nb6 28. Qe5+ Kf8 29. Qd6+ Kg7 30. dxc6 Rd8 31. Nxh5+ Kh7 32. Qf6 Rdg8 33. Rfd1 bxc6 34. Qxf7+ Kh6 35. Rd6+ 1-0